|
|
|
|
| LEADER |
00916cam a2200241 7i4500 |
| 001 |
0000074663 |
| 005 |
20230125090000.0 |
| 020 |
|
|
|a 9781003213659 (electronic book)
|
| 090 |
0 |
0 |
|a DG511.15
|b .B47 2022
|
| 100 |
1 |
|
|a Berto, Luigi Andrea
|
| 245 |
1 |
0 |
|a Ethnic identity, memory, and use of the past in Italy's 'dark ages'
|c Luigi Andrea Berto.
|
| 264 |
|
|
|a Abingdon, Oxon:
|b Routledge,
|c 2022.
|
| 300 |
|
|
|a 1 online resource (193 pages):
|b text file, PDF.
|
| 336 |
|
|
|a text
|2 rdacontent
|
| 337 |
|
|
|a computer
|2 rdamedia
|
| 338 |
|
|
|a online resource
|2 rdacarrier
|
| 650 |
|
0 |
|a Group identity --
|x History --
|y To 1500 --
|z Italy
|
| 650 |
|
0 |
|a Memory --
|x Social aspects --
|z Italy
|
| 650 |
|
0 |
|a Italians --
|x Ethnic identity
|
| 650 |
|
0 |
|a Collective memory --
|z Italy
|
| 655 |
|
0 |
|a Electronic books
|
| 856 |
4 |
2 |
|u http://library.unisel.edu.my/web/guest/mylibrary
|
| 999 |
|
|
|a EBO0017835
|b EBOOK
|c EBOOK
|e Electronic resources
|